All 136 College football teams - Statistics

General Stats
  • This quiz has been taken 106 times
  • The average score is 98 of 136
Answer Stats
Conference College % Correct
SEC Texas
100%
SEC Oklahoma
95%
SEC Alabama
93%
SEC Florida
93%
ACC Florida State
93%
Big Ten Michigan
93%
Mid-American Ohio
93%
SEC Georgia
91%
ACC Miami
91%
Mid-American Miami of Ohio
91%
Big Ten Oregon
91%
Big 12 Texas Tech
91%
Big 12 Arizona
89%
ACC Clemson
89%
Big 12 Colorado
89%
Big Ten Iowa
89%
ACC North Carolina
89%
Big Ten Ohio State
89%
SEC Texas A&M
89%
Big Ten UCLA
89%
Big Ten Washington
89%
Big 12 Arizona State
86%
Big Ten Indiana
86%
Big Ten Michigan State
86%
Independent Notre Dame
86%
SEC Ole Miss
86%
ACC California
84%
ACC Georgia Tech
84%
Big 12 Kansas
84%
Big 12 Kansas State
84%
SEC Louisiana State
84%
Big Ten Penn State
84%
SEC South Carolina
84%
Big Ten USC
84%
ACC Virginia
84%
Mountain West Boise State
82%
ACC Boston College
82%
Mountain West Colorado State
82%
Big 12 Iowa State
82%
SEC Kentucky
82%
Big Ten Maryland
82%
ACC NC State
82%
Big 12 Oklahoma State
82%
ACC Virginia Tech
82%
Big Ten Wisconsin
82%
Big 12 Baylor
80%
ACC Duke
80%
Big Ten Minnesota
80%
Pac 12 Oregon State
80%
SEC Tennessee
80%
SEC Vanderbilt
80%
American Athletic Army
77%
Big 12 BYU
77%
Independent Connecticut
77%
SEC Mississippi State
77%
ACC SMU
77%
ACC Stanford
77%
Pac 12 Washington State
77%
Mountain West Air Force
75%
SEC Missouri
75%
American Athletic Navy
75%
Big Ten Rutgers
75%
Big 12 Utah
75%
Mountain West Utah State
75%
Mid-American Akron
73%
SEC Arkansas
73%
SEC Auburn
73%
Big Ten Illinois
73%
Independent Massachusetts
73%
Big Ten Nebraska
73%
Mountain West New Mexico
73%
Big Ten Purdue
73%
Sun Belt Louisiana–Lafayette
70%
Big Ten Northwestern
70%
American Athletic Rice
70%
Conference USA Sam Houston
70%
ACC Syracuse
70%
Big 12 West Virginia
70%
Mountain West Wyoming
70%
Conference USA Kennesaw State
68%
Conference USA New Mexico State
68%
Big 12 TCU
68%
American Athletic Tulane
68%
Big 12 UCF
68%
Mountain West UNLV
68%
Mid-American Western Michigan
68%
Mid-American Eastern Michigan
66%
American Athletic Florida Atlantic
66%
Big 12 Houston
66%
ACC Louisville
66%
American Athletic Memphis
66%
American Athletic North Texas
66%
American Athletic South Florida
66%
Conference USA UTEP
66%
Conference USA Delaware
64%
Sun Belt Georgia State
64%
Mountain West Nevada
64%
American Athletic Tulsa
64%
American Athletic UTSA
64%
ACC Wake Forest
64%
Big 12 Cincinnati
61%
Mountain West Hawaii
61%
American Athletic Temple
61%
Sun Belt Texas State
61%
Mid-American Ball State
59%
Mid-American Central Michigan
59%
Conference USA Florida Intl.
59%
Sun Belt James Madison
59%
Mid-American Kent State
59%
ACC Pittsburgh
59%
Mountain West San Diego State
59%
Mid-American Toledo
59%
Mountain West Fresno State
57%
American Athletic UAB
57%
Mid-American Bowling Green
55%
Mid-American Buffalo
55%
Conference USA Liberty
55%
Mountain West San Jose State
55%
Sun Belt Southern Miss
55%
Sun Belt Troy
55%
Conference USA Western Kentucky
55%
Sun Belt Appalachian State
52%
Sun Belt Arkansas State
52%
American Athletic East Carolina
52%
Sun Belt Georgia Southern
52%
Conference USA Jacksonville State
52%
Conference USA Louisiana Tech
52%
American Athletic Charlotte
50%
Sun Belt Coastal Carolina
50%
Conference USA Middle Tennessee
50%
Mid-American Northern Illinois
50%
Sun Belt Louisiana–Monroe
48%
Sun Belt South Alabama
48%
Sun Belt Marshall
45%
Conference USA Missouri State
39%
Sun Belt Old Dominion
36%
No matching quizzes found
Score Distribution
Percent of People with Each Score
Percentile by Number Answered
Your Score History
You have not taken this quiz